00492nam a2200157Ia 4500008004000000082001600040100002100056245001800077260003100095300001200126650002900138690001400167906001000181999001700191952012600208210210b1972 xxu||||| |||| 00| 0 eng d a133.32 TOFF aTOFFLER (Alvin). aFuture shock. aLondonbBantam booksc1972 axiv,561 aPredictions Meditatio aPhilosoph a03128 c82375d82375 001040708PhilosophyaALbALcPhilosophyd2021-02-17g0.00l0o133.32 TOFFp031286r2021-02-17 00:00:00w2021-02-17yBK